| 000 | 00445nam a22001217a 4500 | ||
|---|---|---|---|
| 999 |
_c21330 _d21330 |
||
| 008 | 240905b ||||| |||| 00| 0 eng d | ||
| 100 |
_aLabao, Lorna Canda. _eauthor. _960204 |
||
| 245 |
_aKabataang Pinoy : _biba tayo ngayon / _cLorna Canda Labao. |
||
| 260 |
_aPhilippines; _bPublishers Association of the Philippines, Inc., _cJune 2019. |
||
| 300 | _aVolume 168, pages 37-38. | ||
| 700 |
_aLabao, Lorna Canda. _eauthor. _960204 |
||
| 942 |
_2ddc _cPER |
||